000 01158nam a2200301 a 4500
001 BRCA_8567
005 20190320210331.0
008 180816s1691----fr-a######---#000-0#fre-#
041 _afre
044 _afr
050 4 _aF1201
_b.H577
_c1691
245 1 0 _aHistoire de la conquete du mexique ou de la nouvelle espagne
_ctr. Don Antoine de Solis.
260 _aParís
_bChez Jeremie Bouillerot
_c1691
300 _a624 p.
_bil.
_c25 cm
500 _aFondo antiguo
500 _aSe encuentra en Caja Fuerte
500 _aCG-11
500 _aIgual a B-10
500 _aContiene prefacio
500 _aIncluye índice de tablas de los capítulos contenidos en este volumen
500 _aCon ex-libris de: Franz Mayer y American Chamber of Commerce in parís, Franklin library
500 _aNota de encuadernación: en piel con cartón, desgastada del lomo y esquinas de las tapas, tejuelos desprendidos
506 0 _aFondo reservado: para su consulta es necesario credencial de usuario y carta de motivos
650 1 4 _aMéxico
_eHistoria conquista
_y1519-1540
_921454
700 1 _aDe solis Antoine, tr.
_921455
902 _aLAR
942 _2lcc
_cB
999 _c8230
_d8230